| 000 | 00540nam a2200193Ia 4500 | ||
|---|---|---|---|
| 003 | OSt | ||
| 005 | 20260418102218.0 | ||
| 008 | 210210b1986 xxu||||| |||| 00| 0 eng d | ||
| 040 | _cAL | ||
| 041 | _aKannada | ||
| 082 | _aK894.3 VIRK | ||
| 100 |
_aVIRABHADRAPPA (Kum). _9154819 _dವೀರಭದ್ರಪ್ಪ (ಕುಂ). |
||
| 245 |
_aKendada male _b ಕೆಂಡದ ಮಳೆ |
||
| 260 |
_aBengaluru _bBhagyalakshmi Prakashana _c1986 |
||
| 300 | _aiv,252 | ||
| 690 |
_aKannada Fiction _9154820 |
||
| 906 | _a038560 | ||
| 942 |
_2ddc _cBK |
||
| 999 |
_c88800 _d88800 |
||